Musik und Mathematik : Salzburger Musikgespräch 1984 unter Vorsitz von Herbert von Karajan /
Guardado en:
| Autor Corporativo: | |
|---|---|
| Otros Autores: | , , |
| Formato: | Libro |
| Idioma: | German English |
| Publicado: |
Berlin :
Springer-Verlag,
c1985.
|
| Materias: | |
| Etiquetas: |
Agregar Etiqueta
Sin Etiquetas, Sea el primero en etiquetar este registro!
|
| LEADER | 01523cam a2200289 a 4500 | ||
|---|---|---|---|
| 001 | MAT.inmabb005300 | ||
| 008 | 860225s1985####gw#fa####b####100#0#ger## | ||
| 005 | 20180730151330.0 | ||
| 245 | 1 | 0 | |a Musik und Mathematik : |b Salzburger Musikgespräch 1984 unter Vorsitz von Herbert von Karajan / |c herausgegeben von Heinz Götze und Rudolf Wille. |
| 260 | |a Berlin : |b Springer-Verlag, |c c1985. | ||
| 300 | |a ix, 97 p., [1] h. de láms. : |b 16 il. ; |c 21 cm. | ||
| 546 | |a Alemán con 2 contribuciones en inglés. | ||
| 504 | |a Incluye referencias bibliográficas. | ||
| 505 | 2 | 0 | |t Musiktheorie und Mathematik / |r Rudolf Wille -- |t Rationalität und Affekt / |r Helga de la Motte-Haber -- |t Schöpferische Tätigkeit in Mathematik und Musik / |r Wolfgang Metzler -- |t Mathematik und zeitgenössische Komposition / |r Karin Werner-Jensen -- |t From Helmholtz to computers / |r Dana Scott -- |t Sechs Thesen zur Rolle der Mathematik für die Musik / |r Guerino Mazzola -- |t Gedanken zum Thema "Kompositionstechnik und Mathematik" / |r Violeta Dinescu -- |t Mathematics, structure, and music / |r David Epstein. |
| 510 | 4 | |a MR, |c 86f:00032 | |
| 020 | |a 3540154078 | ||
| 020 | |a 0387154078 (U.S.) | ||
| 111 | 2 | |a Salzburger Musikgespräch |n (15th : |d 1984) | |
| 700 | 1 | |a Karajan, Herbert von. | |
| 700 | 1 | |a Götze, Heinz. |4 edt | |
| 700 | 1 | |a Wille, Rudolf. |4 edt | |
| 650 | 0 | |a Music theory |v Congresses. | |
| 084 | |a 00A65 (00B20) |2 msc2000 | ||
| 010 | |a 85194711 | ||
| 040 | |a DLC |c DLC |d DLC | ||
| 041 | 0 | |a ger |a eng | |
| 859 | |h 00A65 |i Sa186-15 |p A-5702 |b BIB. MATEMATICA | ||
